| 000 | 00574nam a2200181 a 4500 | ||
|---|---|---|---|
| 001 | 000271236 | ||
| 003 | AM-YEHGA | ||
| 005 | 20260403151652.0 | ||
| 008 | 031013s1962 it 000|| arm d | ||
| 040 | _aAM-YEHGA | ||
| 041 | 0 | _aarm | |
| 100 | 1 |
_aԹալաթինեան, Աւետիք, _cՀայր |
|
| 245 | 1 | 0 |
_aՈսկի Գրիգոր : _b(Վիպակ) / _cՀ. Աւետիք Թալաթինեան. |
| 260 |
_aՎենետիկ : _bՍ. Ղազար, _c1962. |
||
| 300 |
_a100 էջ : _bնկ. ; _c21 սմ. |
||
| 650 | 1 | 4 |
_aՀայ գրականություն _xՎիպակ |
| 942 |
_2udc _cBK |
||
| 999 |
_c541813 _d541813 |
||